[Event "ODJM B 2015"]
[Site "Willingen GER"]
[Date "2015.05.30"]
[Round "9"]
[White "Jacoby, Angelina"]
[Black "Rapp, Lukas"]
[Result "0-1"]
[Termination "normal"]
[Board "26"]
[WhiteElo "886"]
[BlackElo "1627"]
[PlyCount "40"]
[WhiteFideId "12999008"]
[BlackFideId "12989320"]
[EventCountry "GER"]
[EventRounds "9"]
[EventType "swiss"]
[EventDate "2015.05.23"]

1. e4 e5 2. Nf3 Nc6 3. Bc4 Bc5 4. Nc3 Nf6 5. d3 h6 6. Be3 Bb6 7. Qe2 d6 8.
O-O-O Be6 9. Bxe6 fxe6 10. h4 Qd7 11. Rdg1 O-O-O 12. Bxb6 axb6 13. Rd1 Rhe8 14.
Qd2 d5 15. Rhe1 Kb8 16. d4 exd4 17. Nxd4 dxe4 18. Nxe4 Qxd4 19. Qf4 Qa4 20. b3
Qxa2 0-1

[Event "ODJM B 2015"]
[Site "Willingen GER"]
[Date "2015.05.30"]
[Round "9"]
[White "Reichel, Sara"]
[Black "Grunert, Wilhelm"]
[Result "0-1"]
[Termination "normal"]
[Board "28"]
[WhiteElo "866"]
[BlackElo "1205"]
[PlyCount "86"]
[WhiteFideId "16245130"]
[BlackFideId "12995673"]
[EventCountry "GER"]
[EventRounds "9"]
[EventType "swiss"]
[EventDate "2015.05.23"]

1. d4 d5 2. e3 Nf6 3. f4 Bg4 4. Nf3 e6 5. Be2 c5 6. c3 Nc6 7. O-O a6 8. Nbd2 b5
9. b3 c4 10. Bb2 Be7 11. h3 Bh5 12. Qe1 Ne4 13. Nxe4 dxe4 14. Ne5 Nxe5 15. fxe5
Bxe2 16. Qxe2 cxb3 17. axb3 f5 18. Qh5+ g6 19. Qh6 Kd7 20. Qg7 Qc7 21. Ba3 Rhe8
22. Qxh7 Qxc3 23. Rfe1 Qxb3 24. Bxe7 Rxe7 25. Qxg6 a5 26. Rac1 a4 27. Rc5 a3
28. Rec1 Ra7 29. Qf6 a2 30. Rc7+ Rxc7 31. Rxc7+ Kxc7 32. Qxe7+ Kb6 33. Qd6+ Ka5
34. Qc7+ Kb4 35. Qe7+ Kc3 36. Qc5+ Kb2 37. Qa7 a1=Q+ 38. Qxa1+ Kxa1 39. Kf2
Qc2+ 40. Kg1 b4 41. g4 b3 42. gxf5 b2 43. fxe6 b1=Q# 0-1

[Event "ODJM B 2015"]
[Site "Willingen GER"]
[Date "2015.05.30"]
[Round "9"]
[White "Semukhin, Sophia"]
[Black "Burdot, Louis"]
[Result "1-0"]
[Termination "normal"]
[Board "30"]
[WhiteElo "798"]
[BlackElo "1113"]
[PlyCount "133"]
[BlackFideId "4004760"]
[EventCountry "GER"]
[EventRounds "9"]
[EventType "swiss"]
[EventDate "2015.05.23"]

1. e4 c6 2. Nc3 d5 3. exd5 cxd5 4. Bb5+ Bd7 5. Bxd7+ Qxd7 6. d4 Nf6 7. Nf3 e6
8. Bf4 Bb4 9. O-O O-O 10. a3 Bd6 11. Bxd6 Qxd6 12. Nb5 Qd8 13. Qd3 a6 14. Nc3
Nc6 15. Ng5 Ne4 16. Ncxe4 dxe4 17. Qxe4 Qxg5 18. f4 Qd5 19. Qxd5 exd5 20. c3
Rfe8 21. Rfe1 Re4 22. Rxe4 dxe4 23. Re1 Re8 24. Kf2 f5 25. Ke3 h6 26. h3 g5 27.
Rf1 g4 28. hxg4 fxg4 29. g3 Kf7 30. Rh1 Kg6 31. Rh4 h5 32. b4 b5 33. d5 Rc8 34.
dxc6 Rxc6 35. Kxe4 Rxc3 36. f5+ Kg5 37. Rh1 Rf3 38. Rc1 Rxf5 39. Rc5 Rxc5 40.
bxc5 Kf6 41. Kd5 Ke7 42. Kc6 Kd8 43. Kb7 h4 44. c6 h3 45. c7+ Ke7 46. c8=Q h2
47. Qc7+ Kf6 48. Qf4+ Ke6 49. Qxg4+ Kd6 50. Qh3 h1=Q+ 51. Qxh1 Ke6 52. Qe1+ Kd5
53. Qb4 Ke5 54. Qd2 Ke6 55. Qd4 Ke7 56. Kc7 Ke6 57. Qd6+ Kf5 58. Kd7 Ke4 59.
Qd2 Ke5 60. Qd3 Kf6 61. Qe3 Kf5 62. Qf4+ Kg6 63. Ke7 Kg7 64. Qf5 Kg8 65. Qe6+
Kh7 66. Kf7 Kh8 67. Qh6# 1-0

[Event "ODJM B 2015"]
[Site "Willingen GER"]
[Date "2015.05.30"]
[Round "9"]
[White "Raasch, Hauke"]
[Black "Frank, Cillian"]
[Result "1-0"]
[Termination "normal"]
[Board "31"]
[WhiteElo "1107"]
[BlackElo "954"]
[PlyCount "65"]
[WhiteFideId "16210034"]
[BlackFideId "16245202"]
[EventCountry "GER"]
[EventRounds "9"]
[EventType "swiss"]
[EventDate "2015.05.23"]

1. e4 e5 2. Nf3 Nc6 3. Bc4 Nf6 4. d3 Bc5 5. Bg5 d6 6. Nc3 Bg4 7. Nd5 Nd4 8.
Nxf6+ gxf6 9. Bh4 Qe7 10. h3 Nxf3+ 11. gxf3 Bh5 12. Qe2 O-O-O 13. O-O-O Rhg8
14. Rhg1 c6 15. Qd2 Bxf3 16. Rde1 Rxg1 17. Rxg1 d5 18. exd5 cxd5 19. Bb3 e4 20.
Re1 b6 21. Kb1 d4 22. dxe4 Bb4 23. Qf4 Bxe4 24. Rxe4 Qc5 25. Bxf6 Qh5 26. Qg4+
Qxg4 27. Rxg4 Re8 28. a3 Re1+ 29. Ka2 Bc5 30. Bxd4 Bxd4 31. Rxd4 Re7 32. Rf4
Re6 33. Bxe6+ 1-0

[Event "ODJM B 2015"]
[Site "Willingen GER"]
[Date "2015.05.30"]
[Round "9"]
[White "Burdot, Clara"]
[Black "Winkin, Jos"]
[Result "0-1"]
[Termination "normal"]
[Board "32"]
[WhiteElo "1046"]
[BlackElo "913"]
[PlyCount "66"]
[WhiteFideId "4004779"]
[BlackFideId "4004795"]
[EventCountry "GER"]
[EventRounds "9"]
[EventType "swiss"]
[EventDate "2015.05.23"]

1. e4 e5 2. Nf3 Nc6 3. d4 exd4 4. Nxd4 Bc5 5. Be3 Qf6 6. Nxc6 Bxe3 7. Qd2 Qxb2
8. Qxe3 Qxa1 9. Qg5 dxc6 10. Qc1 Qxa2 11. Nc3 Qa5 12. Qd2 Bd7 13. Nb1 Qxd2+ 14.
Nxd2 O-O-O 15. Nc4 Bg4 16. f3 Bh5 17. Ne5 Nf6 18. Bd3 Rhe8 19. Ng4 Nxg4 20.
fxg4 Bxg4 21. O-O a5 22. Rxf7 Rd7 23. Rxd7 Kxd7 24. h3 Be6 25. g4 a4 26. e5 a3
27. Bxh7 a2 28. Bg6 a1=Q+ 29. Kg2 Rf8 30. Bf5 Bxf5 31. gxf5 Rxf5 32. Kg3 Qxe5+
33. Kg4 Qf4# 0-1

[Event "ODJM B 2015"]
[Site "Willingen GER"]
[Date "2015.05.30"]
[Round "9"]
[White "Prudlik, Finn Olmse"]
[Black "Reyher, Bastian"]
[Result "0-1"]
[Termination "normal"]
[Board "33"]
[WhiteElo "948"]
[BlackElo "1084"]
[PlyCount "70"]
[WhiteFideId "16209923"]
[BlackFideId "12927465"]
[EventCountry "GER"]
[EventRounds "9"]
[EventType "swiss"]
[EventDate "2015.05.23"]

1. e4 e5 2. Nf3 Nc6 3. Bc4 Bc5 4. b4 Bxb4 5. c3 Ba5 6. d4 Nf6 7. O-O Nxe4 8.
Re1 Nxc3 9. Qd3 Nxb1 10. Rd1 Nc3 11. Qf5 O-O 12. Bd3 g6 13. Qg4 Nxd1 14. Bg5 d6
15. Qg3 Qe8 16. Rxd1 exd4 17. Bh6 Nb4 18. Re1 Be6 19. Be2 Nxa2 20. Qg5 f6 21.
Qg3 Bxe1 22. Bxf8 Qxf8 23. Nxe1 Re8 24. Bb5 Bd7 25. f3 Bxb5 26. Nc2 d3 27. Qf2
Re2 28. Qd4 dxc2 29. Qf4 c1=Q+ 30. Qxc1 Nxc1 31. h3 Nd3 32. Kh2 Qe7 33. Kg1 Qe5
34. g3 Qxg3+ 35. Kh1 Qe1# 0-1

[Event "ODJM B 2015"]
[Site "Willingen GER"]
[Date "2015.05.30"]
[Round "9"]
[White "Fischer, Sören"]
[Black "Nagel, Philipp"]
[Result "0-1"]
[Termination "normal"]
[Board "34"]
[WhiteElo "931"]
[BlackElo "761"]
[PlyCount "44"]
[BlackFideId "12994715"]
[EventCountry "GER"]
[EventRounds "9"]
[EventType "swiss"]
[EventDate "2015.05.23"]

1. e4 e5 2. Bc4 Bc5 3. Nf3 d6 4. d3 Bg4 5. Nc3 Nc6 6. h3 Bh5 7. g4 Bg6 8. Qe2
Nd4 9. Nxd4 Bxd4 10. Bd2 Qd7 11. O-O-O Nf6 12. f3 d5 13. Bb5 c6 14. Ba4 dxe4
15. Nxe4 Nxe4 16. dxe4 O-O-O 17. f4 exf4 18. Bxf4 Rhe8 19. Rhf1 Rxe4 20. Qc4
Qe7 21. Bxc6 Bxb2+ 22. Kb1 Rxc4 0-1